| 000 | 00446cam a2200181ua 4500 | ||
|---|---|---|---|
| 020 | _c1.50 | ||
| 041 |
_amal _h |
||
| 082 |
_a635.9 _bGOP/VE |
||
| 100 | _aGopimani, . | ||
| 245 |
_aVeetuvalappile poomthottam / _cGopimani. _hTextual Documents |
||
| 250 |
_a1 / _b. |
||
| 260 |
_aThiruvananthapuram : _bState Instititute of Languages , _c1980. |
||
| 300 | _a ; . | ||
| 365 | _a1.50 | ||
| 504 | _a | ||
| 942 | _cBK | ||
| 999 |
_c6056 _d6056 |
||